ست ر نگی / (Record no. 165714)

MARC details
000 -LEADER
fixed length control field 00651nam a22001937a 4500
005 - DATE AND TIME OF LATEST TRANSACTION
control field 20230714142529.0
010 ## - LCCN (DPL NO)
LC control number UR-10261
020 ## - INTERNATIONAL STANDARD BOOK NUMBER
Terms of availability 200.00
International Standard Book Number 9789388356923
035 ## - SYSTEM CONTROL NUMBER
System control number U-8816
037 ## - SOURCE OF ACQUISITION
Source of stock number/acquisition DBAD/PUB
082 ## - DEWEY DECIMAL CLASSIFICATION NUMBER
Classification number 841
100 ## - MAIN ENTRY--PERSONAL NAME
Personal name صا د قہ نو ا ب سحر
245 ## - TITLE STATEMENT
Title ست ر نگی /
Statement of responsibility, etc صا د قہ نو ا ب سحر
246 ## - VARYING FORM OF TITLE
Remainder of title Satrangi (Urdu) /
Title proper/short title by Sadique Nawab Saher
260 ## - PUBLICATION, DISTRIBUTION, ETC. (IMPRINT)
Place of publication, distribution, etc Delhi
Name of publisher, distributor, etc Educational Publishing House
Date of publication, distribution, etc 2018 ء
270 ## - ADDRESS
Address 3191،Vakil Street,Kucha Pandit,Lal Kuan,
City Delhi
Postal code 110006
Telephone number 23216162
Fax number 00911123211540
300 ## - PHYSICAL DESCRIPTION
Extent 192 ص
Dimensions 22cm(Hb)
942 ## - ADDED ENTRY ELEMENTS (KOHA)
Source of classification or shelving scheme Dewey Decimal Classification
Item type Urdu Bks
Classification part 841
Call number suffix س ح ر
Holdings
Withdrawn status Lost status Not for loan Collection code Home library Current library Date acquired Source of acquisition Cost, normal purchase price Full call number Barcode Copy number Cost, replacement price Koha item type
      Non-fiction Ashok Vihar Ashok Vihar 27/06/2019 DBAD/PUB 200.00 841 س ح ر U-8816 1 200.00 Urdu Bks

© Delhi Public Library
Hit Counter
free hit counter